30-second ancient Egypt : the 50 most important achievements of a timeless civilization, each explained in half a minute /
Saved in:
Main Author:
Format: Book
Language: English
Published:
Lewes :
Ivy Press,
2014.
Subjects:
Tags: Add Tag
No Tags, Be the first to tag this record!
Call Number: DT58 .D45 2014
| LEADER | 00950namaa2200253 4500 | ||
|---|---|---|---|
| 003 | OSt | ||
| 005 | 20260503044818.0 | ||
| 008 | 140930s2014 nyuab b 001 0deng d | ||
| 020 | |a 9781435151789 | ||
| 020 | |a 9781782401322 | ||
| 040 | |c ARCE Library | ||
| 043 | |a f-ua--- | ||
| 050 | 4 | |a DT58 .D45 2014 | |
| 100 | 1 | |a Der Manuelian, Peter, |e author | |
| 245 | 1 | 0 | |a 30-second ancient Egypt : |b the 50 most important achievements of a timeless civilization, each explained in half a minute / |c editor, Peter Der Manuelian and seven others. |
| 246 | 3 | |a Thirty-second ancient Egypt. | |
| 264 | 1 | |a Lewes : |b Ivy Press, |c 2014. | |
| 300 | |a 160 pages : |b color illustrations, color map ; |c 24 cm. | ||
| 504 | |a Includes bibliographica references (pages 154-155) and index. | ||
| 651 | 0 | |a Egypt |x History |y To 332 B.C. |v Juvenile literature. | |
| 651 | 0 | |a Egypt |x Civilization |y To 332 B.C. |v Juvenile literature. | |
| 901 | |a reviewed | ||
| 942 | |c BK |2 lcc | ||
| 999 | |c 2265 |d 2265 | ||
